[Event "2nd Vergani Cup 2018"]
[Site "Villorba ITA"]
[Date "2018.01.02"]
[Round "3.3"]
[White "Berkes, Ferenc"]
[Black "Raja, Harshit"]
[Result "1-0"]
[WhiteTitle "GM"]
[BlackTitle "IM"]
[WhiteElo "2662"]
[BlackElo "2427"]
[WhiteFideId "718572"]
[BlackFideId "5089000"]
[Annotator "Basso, Pier Luigi"]
[EventDate "2018.01.02"]

1. d4 d5 2. Nf3 Nf6 3. Bf4 {Berkes Ferenc is a great expert of London system,
so to play it in a day with double round against a weaker opponent was a very
good idea} c5 4. e3 Nc6 5. Nbd2 e6 6. c3 Bd6 7. Bg3 O-O 8. Bd3 b6 9. Qe2 Bb7
10. Rd1 {Nowadays this is one of the most critical positions in London system}
Re8 11. e4 Be7 12. e5 Nh5 13. a3 a5 {too slow} ({There are a lot of games that
continued with} 13... g6 14. Nf1 f5 $1 {very important move} 15. exf6 Bxf6 16.
Ne3 {for example:} e5 17. dxe5 Nxe5 18. Nxe5 Nxg3 19. hxg3 Rxe5 {0-1 (34)
Sedlak,N (2537)-So,W (2782) Baku AZE 2016}) 14. Nf1 g6 $6 {now it is too slow:}
15. Ne3 Qc8 (15... f5 $6 16. exf6 Bxf6 17. Ng4 Bg7 18. Bb5 $16) 16. O-O Ba6 17.
Ng4 $16 {And White's attack is simply too strong} a4 18. Qe3 Na5 19. Bh4 Bxh4
20. Nxh4 Qd8 21. Qh6 Qe7 22. f4 Qf8 23. Qg5 Qe7 24. Nh6+ Kh8 25. g4 Bxd3 26.
Rxd3 Ng7 27. Qf6 Ra7 28. Nf3 Rf8 29. Ng5 Qxf6 30. exf6 Ne8 31. f5 $18 exf5 32.
gxf5 Nxf6 33. fxg6 Kg7 34. Nf5+ Kxg6 35. Rg3 Kh5 36. Ng7+ Kh6 37. Rxf6+ Kxg7
38. Nxh7+ 1-0

[Event "2nd Vergani Cup 2018"]
[Site "Villorba ITA"]
[Date "2018.01.02"]
[Round "3.4"]
[White "Kveinys, Aloyzas"]
[Black "Baenziger, Fabian"]
[Result "1-0"]
[WhiteTitle "GM"]
[BlackTitle "FM"]
[WhiteElo "2547"]
[BlackElo "2403"]
[WhiteFideId "12800040"]
[BlackFideId "1330110"]
[EventDate "2018.01.02"]

1. d4 Nf6 2. c4 g6 3. Nf3 Bg7 4. g3 O-O 5. Bg2 d6 6. O-O Nbd7 7. Nc3 e5 8. Qc2
exd4 9. Nxd4 Nb6 10. b3 c5 11. Ndb5 a6 12. Na3 d5 13. cxd5 Nfxd5 14. Bb2 Nb4 15.
Qc1 Nc6 16. Bxc6 bxc6 17. Ne4 Bxb2 18. Qxb2 Qd4 19. Qxd4 cxd4 20. Rfd1 Rd8 21.
Rac1 Bf5 22. Nf6+ Kg7 23. Rxc6 Rab8 24. g4 Be6 25. g5 h6 26. h4 hxg5 27. hxg5
Nd5 28. Rxd4 Nb4 29. Rb6 Nxa2 30. Nc4 Nc1 31. Kf1 Kf8 32. Rxb8 Rxb8 33. Nd7+
Bxd7 34. Rxd7 Rxb3 35. Nd6 a5 36. Rxf7+ Kg8 37. Ra7 Rb2 38. e3 Nd3 39. Ne4 Ra2
40. f4 Ra4 41. Nf6+ Kf8 42. Ke2 Ra3 43. Kf3 Ra4 44. Nd5 1-0

[Event "2nd Vergani Cup 2018"]
[Site "Villorba ITA"]
[Date "2018.01.02"]
[Round "3.5"]
[White "Iniyan, P"]
[Black "Hilverda, Alexander"]
[Result "1/2-1/2"]
[WhiteTitle "IM"]
[WhiteElo "2466"]
[BlackElo "2370"]
[WhiteFideId "25002767"]
[BlackFideId "4695437"]
[EventDate "2018.01.02"]

1. Nf3 d5 2. g3 Nd7 3. d4 Ngf6 4. Bg2 e6 5. O-O b5 6. a4 b4 7. Nbd2 Be7 8. Ne5
Nxe5 9. dxe5 Nd7 10. e4 c6 11. exd5 cxd5 12. Re1 Ba6 13. Qg4 O-O 14. Nf3 Kh8 15.
Ng5 Qe8 16. Qh3 h6 17. Nf3 Rc8 18. Nd4 Bc5 19. Bxh6 gxh6 20. Qxh6+ Kg8 21. Be4
f5 22. Nxe6 Bxf2+ 23. Kg2 Rf7 24. Bxd5 Bc4 25. Qg6+ Kh8 26. Bxc4 Rxc4 27. Kxf2
Re7 28. Qxe8+ Rxe8 29. Nf4 Rxc2+ 30. Kg1 Rxb2 31. Rac1 b3 32. Rc7 Rd2 33. e6 b2
34. Rb1 Ne5 35. Rc3 Red8 36. e7 Re8 37. Rb3 Nc4 38. Rc3 Ne5 39. Rb3 Nc4 40. Rc3
Ne5 41. Rb3 Nc4 1/2-1/2

[Event "2nd Vergani Cup 2018"]
[Site "Villorba ITA"]
[Date "2018.01.02"]
[Round "3.6"]
[White "Klek, Hanna Marie"]
[Black "Stella, Andrea"]
[Result "1/2-1/2"]
[WhiteTitle "WGM"]
[BlackTitle "GM"]
[WhiteElo "2357"]
[BlackElo "2511"]
[WhiteFideId "24670057"]
[BlackFideId "827061"]
[EventDate "2018.01.02"]

1. e4 c5 2. Nf3 Nc6 3. d4 cxd4 4. Nxd4 e6 5. Nc3 Qc7 6. Be3 a6 7. Qf3 Nf6 8.
O-O-O Ne5 9. Qg3 b5 10. f4 Neg4 11. Bg1 b4 12. Na4 Nh6 13. e5 Nd5 14. Bd3 Bb7
15. f5 Qa5 16. b3 Nc3 17. fxe6 fxe6 18. Bxh7 Rxh7 19. Qg6+ Nf7 20. Rf1 O-O-O 21.
Rxf7 Nxa4 22. Qxh7 Bxg2 23. bxa4 Bxh1 24. Qd3 Bd5 25. Nb3 Qxa4 26. Qd4 Qc6 27.
Qf2 Bxb3 28. axb3 Qc3 29. Rxf8 Qa1+ 30. Kd2 Qc3+ 31. Kd1 Qa1+ 32. Ke2 Qxe5+ 33.
Kf1 Qb5+ 34. Kg2 Qg5+ 35. Kf1 Qc1+ 36. Kg2 Qg5+ 1/2-1/2

[Event "2nd Vergani Cup 2018"]
[Site "Villorba ITA"]
[Date "2018.01.02"]
[Round "3.7"]
[White "Sadhwani, Raunak"]
[Black "Mesaros, Florian"]
[Result "1/2-1/2"]
[WhiteTitle "FM"]
[BlackTitle "IM"]
[WhiteElo "2321"]
[BlackElo "2406"]
[WhiteFideId "35093487"]
[BlackFideId "1629220"]
[EventDate "2018.01.02"]

1. e4 e5 2. Nf3 Nc6 3. Bc4 Bc5 4. O-O Nf6 5. d3 d6 6. c3 a6 7. Bb3 Ba7 8. Re1 h6
9. Nbd2 O-O 10. h3 Re8 11. Nf1 Be6 12. Bc2 d5 13. Be3 d4 14. Bd2 Qd6 15. Ng3
Rad8 16. a4 Kh7 17. Rf1 Nd7 18. c4 Bc5 19. Kh1 Bb4 20. Bc1 Qf8 21. Ng1 Ne7 22.
f4 exf4 23. Bxf4 Ng6 24. Bd2 Nde5 25. Qe1 Nc6 26. N1e2 a5 27. Nf4 Nxf4 28. Rxf4
Qd6 29. Qf2 Bxd2 30. Qxd2 Qb4 31. Qc1 b6 32. Rf2 Qd6 33. Nh5 Ne5 34. Nf4 Bc8 35.
Qd2 f5 36. exf5 Bxf5 37. Raf1 Bc8 38. Nh5 Qg6 39. Qd1 Bb7 40. Kh2 Rd6 41. Ng3
Rde6 42. Qd2 c5 43. b3 R8e7 44. Ne2 Rd6 45. Ng3 Ree6 46. Rf5 Nd7 47. R5f2 Re5
48. Bd1 Re3 49. Bg4 Kg8 50. Nf5 h5 51. Bf3 Bxf3 52. Rxf3 Rxf3 53. Rxf3 Re6 54.
Qf4 Qf6 55. Rg3 g6 56. Qc7 h4 57. Nxh4 Ne5 58. Nf3 Nxd3 59. Ng5 Re7 60. Qd8+ Kg7
61. Rxd3 Qxg5 62. Rg3 Qf6 63. Rf3 Qe5+ 64. Kh1 Qe1+ 65. Kh2 Qe5+ 66. Kh1 Rf7 67.
Rxf7+ Kxf7 68. Qd7+ Qe7 69. Qd5+ Qe6 70. Qf3+ Kg7 71. Qb7+ Kh6 72. Qf3 Kg7 73.
Qb7+ Kh6 74. Qf3 Qf5 75. Qg3 Qf1+ 76. Kh2 Qf6 77. Kg1 g5 78. Qd3 Qf4 79. g3 Qc1+
80. Kf2 Qb2+ 81. Kf3 Qc1 82. Ke4 Qh1+ 83. Kf5 Qc6 84. Ke5 Kg7 85. Qf5 Qe8+ 86.
Kd5 Qa8+ 87. Ke5 Qe8+ 88. Kd5 Qd8+ 89. Ke5 Qe8+ 90. Kd5 Qe7 91. Qd3 Qd7+ 92. Ke5
Qxh3 93. Kd6 Qh6+ 94. Kc7 Qe6 95. Kb7 Qf7+ 96. Ka6 Qe8 97. Qf5 Qe7 98. Qd5 Qf6
99. Qd7+ Kg6 100. g4 Kh6 101. Kb5 Qg6 102. Qd8 Qe6 103. Qf8+ Kg6 104. Qf3 Kg7
105. Ka6 Qd6 106. Qf5 Qd8 107. Qe5+ Qf6 108. Qe4 Qd8 109. Qe5+ Kf7 110. Qf5+ Qf6
111. Qd7+ Kf8 112. Kb5 Qg6 113. Ka6 Qf6 114. Kb5 Qe7 115. Qf5+ Kg7 116. Qd5 Qf6
117. Ka6 Kh6 118. Kb5 Kg7 119. Ka6 Kh6 120. Kb5 Kg7 1/2-1/2

[Event "2nd Vergani Cup 2018"]
[Site "Villorba ITA"]
[Date "2018.01.02"]
[Round "3.8"]
[White "Rahul, Srivatshav P"]
[Black "Martins, David Pires Tavares"]
[Result "1-0"]
[BlackTitle "IM"]
[WhiteElo "2317"]
[BlackElo "2392"]
[WhiteFideId "25059653"]
[BlackFideId "1909991"]
[EventDate "2018.01.02"]

1. d4 d6 2. c4 f5 3. Nc3 Nf6 4. Bg5 Nbd7 5. Qc2 e5 6. dxe5 Nxe5 7. O-O-O Be7 8.
c5 O-O 9. e3 Be6 10. Nge2 g6 11. Bf4 Nc6 12. a3 Rc8 13. Bh6 Re8 14. Nf4 Bf7 15.
Nfd5 Ng4 16. Bf4 Bf8 17. h4 Bg7 18. h5 Qd7 19. hxg6 hxg6 20. Bg5 Nd8 21. f3 Ne6
22. Bh4 Nxe3 23. Nxe3 Nd4 24. Rxd4 Bxd4 25. Ned5 Bxd5 26. Nxd5 dxc5 27. Bc4 Kg7
28. Bf6+ 1-0

[Event "2nd Vergani Cup 2018"]
[Site "Villorba ITA"]
[Date "2018.01.02"]
[Round "3.9"]
[White "Can, Isik"]
[Black "Rapport, Jovana"]
[Result "1-0"]
[WhiteTitle "FM"]
[BlackTitle "WGM"]
[WhiteElo "2389"]
[BlackElo "2305"]
[WhiteFideId "6383742"]
[BlackFideId "937266"]
[EventDate "2018.01.02"]

1. e4 e6 2. d4 d5 3. Nc3 Bb4 4. e5 c5 5. a3 Bxc3+ 6. bxc3 Qa5 7. Bd2 Qa4 8. Qg4
Kf8 9. Nf3 Nc6 10. Bd3 c4 11. Be2 Qxc2 12. O-O Nge7 13. Rac1 Qg6 14. Qh3 h5 15.
Nh4 Qh7 16. Bd1 Qd3 17. Be3 Na5 18. Bc2 Qe2 19. Bg5 Nf5 20. Nxf5 exf5 21. Rfe1
Qg4 22. Qe3 h4 23. Bd1 f4 24. Bxf4 Qg6 25. Bf3 Be6 26. Kh1 Rc8 27. h3 Rc6 28.
Rb1 Nb3 29. Rb2 Ra6 30. Ra2 Ra5 31. Bg5 Ke8 32. Ree2 Kd7 33. Reb2 Bf5 34. a4 Qe6
35. Bd1 f6 36. Bf4 g5 37. Bh2 g4 38. hxg4 Bxg4 39. Bxb3 cxb3 40. Rxb3 b6 41.
exf6 h3 42. Qxe6+ Kxe6 43. f3 hxg2+ 44. Kxg2 Bh3+ 45. Kf2 Rg8 46. Ke3 Kxf6 
{... illegible}
1-0

[Event "2nd Vergani Cup 2018"]
[Site "Villorba ITA"]
[Date "2018.01.02"]
[Round "3.10"]
[White "Bifulco, Michel"]
[Black "Sukandar, Irine Kharisma"]
[Result "0-1"]
[WhiteTitle "FM"]
[BlackTitle "IM"]
[WhiteElo "2302"]
[BlackElo "2387"]
[WhiteFideId "828580"]
[BlackFideId "7101937"]
[EventDate "2018.01.02"]

1. d4 Nf6 2. Nc3 d5 3. Bf4 c5 4. e3 cxd4 5. exd4 a6 6. Nf3 Bg4 7. h3 Bh5 8. g4
Bg6 9. Ne5 Nc6 10. h4 Qb6 11. Nxc6 bxc6 12. Na4 Qa5+ 13. c3 e6 14. Be2 h5 15. g5
Ne4 16. b4 Qd8 17. Qc1 Bd6 18. Bxd6 Qxd6 19. Nc5 O-O 20. Qe3 Rfd8 21. Nxe4 Bxe4
22. f3 Bg6 23. f4 a5 24. a3 Ra7 25. O-O Rda8 26. Bd3 Bf5 27. Bxf5 exf5 28. Rae1
axb4 29. axb4 Ra2 30. Rf2 Rxf2 31. Kxf2 g6 32. Kf3 Qb8 33. Rc1 Ra2 34. Qd3 Rf2+
35. Kxf2 Qxf4+ 36. Kg2 Qxc1 37. Qe2 Qxc3 38. Qe8+ Kg7 39. Qe5+ Kh7 40. Qf6 Qd2+
41. Kf3 Qd3+ 42. Kf2 Qc2+ 43. Kf1 Qb1+ 44. Kf2 Qa2+ 45. Ke3 Qa3+ 46. Ke2 Qa6+
47. Ke3 Qb7 48. Qd6 Qc8 49. Kd2 Qe6 50. Qc7 Kg7 51. Qd8 f4 0-1

[Event "2nd Vergani Cup 2018"]
[Site "Villorba ITA"]
[Date "2018.01.02"]
[Round "3.11"]
[White "Juhasz, Armin"]
[Black "Vezzani, Stefano"]
[Result "1/2-1/2"]
[WhiteTitle "IM"]
[WhiteElo "2372"]
[BlackElo "2111"]
[WhiteFideId "724270"]
[BlackFideId "802727"]
[EventDate "2018.01.02"]

1. d4 g6 2. c4 Bg7 3. e4 d6 4. Nc3 e5 5. d5 a5 6. Bd3 Nd7 7. Nge2 h5 8. O-O Ne7
9. Be3 O-O 10. a3 Kh7 11. Qd2 Ng8 12. b4 Bh6 13. Rac1 axb4 14. axb4 c5 15. Nb5
Qe7 16. Bxh6 Nxh6 17. Ra1 Rxa1 18. Rxa1 cxb4 19. Qxb4 Nc5 20. Bc2 Bd7 21. Nbc3
f5 22. exf5 gxf5 23. Na4 Bxa4 24. Bxa4 Ra8 25. Ra3 Qh4 26. h3 Qe4 27. Ng3 Qd4
28. Bc2 Rxa3 29. Qxa3 e4 30. Nxh5 Nd3 31. Qxd6 Qxf2+ 32. Kh1 Qxc2 33. Nf6+ Kg7
34. Nh5+ Kh7 35. Nf6+ Kg7 36. Nh5+ 1/2-1/2

[Event "2nd Vergani Cup 2018"]
[Site "Villorba ITA"]
[Date "2018.01.02"]
[Round "3.12"]
[White "Blohberger, Felix"]
[Black "Dudin, Gleb"]
[Result "1-0"]
[WhiteTitle "FM"]
[WhiteElo "2367"]
[BlackElo "2073"]
[WhiteFideId "1632051"]
[BlackFideId "34184934"]
[EventDate "2018.01.02"]

1. Nf3 d5 2. g3 Nf6 3. Bg2 c6 4. O-O Bg4 5. h3 Bh5 6. d4 e6 7. c4 Nbd7 8. cxd5
cxd5 9. Nc3 Bd6 10. Qb3 Bxf3 11. Bxf3 Qb6 12. e4 dxe4 13. Nxe4 Nxe4 14. Bxe4 Rb8
15. Qa4 Qa6 16. Qxa6 bxa6 17. b3 Nf6 18. Bd3 a5 19. Bd2 Bc7 20. Rac1 Nd5 21. Be4
Bb6 22. Bxd5 exd5 23. Bf4 Ra8 24. Rfe1+ Kd7 25. Re5 f6 26. Rxd5+ Ke6 27. Rd6+
Kf5 28. Bd2 Rhd8 29. Rxd8 Rxd8 30. Bxa5 Rxd4 31. Bxb6 axb6 32. Rc6 Rb4 33. Rc7
g5 34. Rxh7 Rd4 35. Rb7 Rd2 36. a4 Rd6 37. Kg2 Rc6 38. Rd7 Ke6 39. Rd4 Ke5 40.
Rb4 Kf5 41. h4 Kg6 42. hxg5 fxg5 43. Kf3 Rf6+ 44. Kg4 Rd6 45. Rb5 Rd4+ 46. f4
gxf4 47. Rxb6+ 1-0

[Event "2nd Vergani Cup 2018"]
[Site "Villorba ITA"]
[Date "2018.01.02"]
[Round "3.13"]
[White "Getz, Nicolai"]
[Black "Landi, Alberto"]
[Result "1/2-1/2"]
[WhiteTitle "IM"]
[BlackTitle "FM"]
[WhiteElo "2423"]
[BlackElo "2237"]
[WhiteFideId "1505572"]
[BlackFideId "894486"]
[EventDate "2018.01.02"]

1. e4 e6 2. d4 d5 3. Nc3 Nf6 4. Bg5 Be7 5. e5 Nfd7 6. Bxe7 Qxe7 7. Qd2 a6 8. f4
c5 9. Nf3 Nc6 10. dxc5 Nxc5 11. Nd4 Bd7 12. g3 Rc8 13. Bg2 b5 14. Nce2 Ne4 15.
Bxe4 dxe4 16. c3 b4 17. O-O Nxd4 18. cxd4 O-O 19. Rfc1 Bb5 20. Rxc8 Rxc8 21. Rc1
Rxc1+ 22. Nxc1 Qc7 23. Nb3 Qc4 24. Qc1 Qxc1+ 25. Nxc1 Bc4 26. g4 f5 27. gxf5
exf5 28. b3 Bb5 29. Kf2 Kf7 30. d5 h6 31. h4 g6 32. Ke3 Ke7 33. Kd4 Kd7 34. Ke3
Ke8 35. Ne2 Bxe2 36. Kxe2 Kd7 37. Ke3 a5 38. Kd4 Ke7 39. d6+ Kd7 40. Kc4 Kc6 41.
Kd4 Kd7 42. Ke3 Kc6 43. Kd2 Kd7 44. Ke2 Kc6 45. Kd2 Kd7 46. Ke3 Kc6 47. Kd4 Kd7
48. Kc4 1/2-1/2

[Event "2nd Vergani Cup 2018"]
[Site "Villorba ITA"]
[Date "2018.01.02"]
[Round "3.14"]
[White "Belli, Giorgio"]
[Black "Bove, Alessandro"]
[Result "0-1"]
[WhiteTitle "FM"]
[BlackTitle "FM"]
[WhiteElo "2211"]
[BlackElo "2310"]
[WhiteFideId "2808833"]
[BlackFideId "814121"]
[Annotator "Basso, Pier Luigi"]
[EventDate "2018.01.02"]

1. e4 e6 2. d4 d5 3. Nc3 Nf6 4. e5 Nfd7 5. f4 c5 6. Nf3 Nc6 7. Be3 Be7 8. Qd2
O-O 9. Bd3 {non mi piace per niente questa mossa} ({migliori sono} 9. dxc5) ({e
} 9. Be2) ({ma non} 9. O-O-O $4 c4 $1 $17) 9... b6 10. Nd1 cxd4 11. Nxd4 Nxd4
12. Bxd4 f6 13. Qe3 fxe5 14. Qh3 $2 (14. fxe5 Nc5 $15) 14... e4 $19 {La
posizione del Bianco è già persa:} 15. Qxe6+ Kh8 16. Qxd5 exd3 17. Qxa8 dxc2
18. Nc3 Rxf4 19. Be3 Rf8 20. Qd5 Qc7 21. Qd2 Ne5 22. Qxc2 Bf5 23. Qa4 Nd3+ 24.
Ke2 Nxb2 25. Nd5 Nxa4 26. Nxc7 Nc3+ 27. Ke1 Bb4 28. a3 Ba5 29. Kf2 Bc8+ 30. Kg3
b5 31. Nxb5 Ne4+ 32. Kh4 Bd8+ 0-1

[Event "2nd Vergani Cup 2018"]
[Site "Villorba ITA"]
[Date "2018.01.02"]
[Round "3.15"]
[White "Sapale, Saloni"]
[Black "Loiacono, Leonardo"]
[Result "1/2-1/2"]
[WhiteTitle "WCM"]
[WhiteElo "2308"]
[BlackElo "2243"]
[WhiteFideId "5085527"]
[BlackFideId "895423"]
[EventDate "2018.01.02"]

1. e4 e5 2. Nf3 Nc6 3. Bb5 a6 4. Ba4 Nf6 5. O-O b5 6. Bb3 Be7 7. d3 d6 8. a4 b4
9. a5 O-O 10. Nbd2 h6 11. h3 Be6 12. Nc4 Nh7 13. Qe1 Rb8 14. Be3 Ng5 15. Nxg5
Bxg5 16. Bxg5 Qxg5 17. Qe3 Nd4 18. f4 Qh5 19. g4 Qh4 20. fxe5 Bxc4 21. dxc4 dxe5
22. Rf2 c5 23. Ba4 Rbd8 24. Kh2 Rd6 25. Raf1 Qd8 26. c3 bxc3 27. Qxc3 f6 28. b4
Ne6 29. Bc2 Qb8 30. b5 axb5 31. cxb5 Qxb5 32. Rb1 Qa6 33. Bb3 Kh7 34. Bc4 Qa8
35. Rb6 Rxb6 36. axb6 Nf4 37. Qe3 Qc6 38. Rb2 Rb8 39. Rd2 Qxb6 40. h4 Rd8 41.
Bd5 Qb4 1/2-1/2

[Event "2nd Vergani Cup 2018"]
[Site "Villorba ITA"]
[Date "2018.01.02"]
[Round "3.16"]
[White "Loiacono, Antonio"]
[Black "Tanriverdi, Enes"]
[Result "1/2-1/2"]
[BlackTitle "FM"]
[WhiteElo "2217"]
[BlackElo "2259"]
[WhiteFideId "895415"]
[BlackFideId "34543279"]
[EventDate "2018.01.02"]

1. e4 c5 2. Nf3 e6 3. d4 cxd4 4. Nxd4 Nc6 5. Nc3 Qc7 6. g3 a6 7. Bg2 Nf6 8. O-O
Nxd4 9. Qxd4 Bc5 10. Qd3 Ng4 11. Qe2 h5 12. Nd1 b5 13. Bf4 Ne5 14. a4 b4 15. b3
a5 16. Qd2 Ba6 17. Re1 d6 18. Ne3 Rc8 19. Rad1 O-O 20. Rc1 Ng6 21. Bg5 f6 22.
Bf4 Ne5 23. Qd1 Qf7 24. Bf1 Bxf1 25. Rxf1 g5 26. Bxe5 fxe5 27. Qe2 Qf3 28. Qxf3
Rxf3 29. Nc4 Rc7 30. Kg2 g4 31. Rcd1 Bd4 32. Rd2 Rxc4 33. bxc4 Ra3 34. f3 Rxa4
35. fxg4 hxg4 36. h3 Ra2 37. Rfd1 a4 38. hxg4 a3 39. Kf3 Rb2 40. Rh2 Kf7 41.
Rdh1 Ke8 42. Rh8+ Kd7 43. R1h7+ Kc6 44. Rc8+ Kb6 45. Rb8+ Kc6 46. Rc8+ Kb6 1/2-1/2

[Event "2nd Vergani Cup 2018"]
[Site "Villorba ITA"]
[Date "2018.01.02"]
[Round "3.17"]
[White "Orfini, Nicolo'"]
[Black "Omeri, Silvan"]
[Result "0-1"]
[WhiteElo "2254"]
[BlackElo "2221"]
[WhiteFideId "2805028"]
[BlackFideId "825557"]
[EventDate "2018.01.02"]

1. e4 c5 2. c3 b6 3. d4 e6 4. Nf3 Bb7 5. Bd3 Nf6 6. e5 Nd5 7. Bg5 Qc7 8. O-O h6
9. Bd2 c4 10. Be2 b5 11. b3 Be7 12. a4 a6 13. bxc4 bxc4 14. Na3 Bxa3 15. Rxa3 a5
16. Qc2 Ba6 17. Qe4 Nc6 18. Qg4 g6 19. Ne1 Nce7 20. Ra2 Rb8 21. Qh3 Rb1 22. Nc2
Qb6 23. Ra1 Rb2 24. Rfc1 Nf5 25. Bd1 h5 26. Qf3 O-O 27. g4 hxg4 28. Qxg4 Kg7 29.
h4 Rh8 30. Bg5 Kf8 31. Ne3 Ndxe3 32. fxe3 Bb7 33. Bc2 f6 34. Bxf6 Rg8 35. Bg5
Kf7 36. Rab1 Qc6 37. Kf2 Ra2 38. Ra1 Qxa4 39. Rxa2 Qxa2 40. Qe2 Qa3 41. Qd2 Rh8
42. e4 Nxh4 43. Kg3 Nf5+ 44. exf5 gxf5 45. Rf1 Bd5 46. Bd1 Qf8 47. Rf4 Rh1 48.
Rh4 Rg1+ 49. Kf4 Qg7 50. Rh5 Kg8 51. Be2 Rg2 52. Qb2 Kf7 53. Qb5 Kg6 54. Qb8
Rf2+ 55. Kg3 Rg2+ 56. Kh3 Rxe2 57. Qe8+ Qf7 58. Qh8 Bg2+ 59. Kg3 f4+ 60. Kh4 Kf5
61. Bf6+ Ke4 62. Rg5 Bf3 63. Kh3 Re1 64. Qa8+ Ke3 0-1

[Event "2nd Vergani Cup 2018"]
[Site "Villorba ITA"]
[Date "2018.01.02"]
[Round "3.18"]
[White "Bettalli, Francesco"]
[Black "Dobboletta, Alex"]
[Result "1-0"]
[WhiteElo "2231"]
[BlackElo "2155"]
[WhiteFideId "2816453"]
[BlackFideId "865397"]
[EventDate "2018.01.02"]

1. d4 f5 2. g3 Nf6 3. Bg2 e6 4. c4 d5 5. Nh3 c6 6. O-O Bd6 7. Nd2 O-O 8. Nf3 b6
9. Bf4 Be7 10. Ne5 Ne4 11. f3 Nd6 12. Nf2 Nxc4 13. Nxc4 dxc4 14. e4 Bb7 15. Re1
Bf6 16. exf5 exf5 17. Qc2 Qxd4 18. Rad1 Qxb2 19. Qxc4+ Kh8 20. Qf7 Na6 21. Qxb7
Nc5 22. Qxc6 Qxa2 23. Bd6 Rac8 24. Qb5 Rg8 25. f4 Qa4 26. Qb1 Bc3 27. Re2 Bd4
28. Ra2 Qc4 29. Rad2 Be3 30. Bd5 Bxf2+ 31. Rxf2 1-0

[Event "2nd Vergani Cup 2018"]
[Site "Villorba ITA"]
[Date "2018.01.04"]
[Round "4.1"]
[White "Jobava, Baadur"]
[Black "Berkes, Ferenc"]
[Result "1/2-1/2"]
[WhiteTitle "GM"]
[BlackTitle "GM"]
[WhiteElo "2690"]
[BlackElo "2662"]
[WhiteFideId "13601520"]
[BlackFideId "718572"]
[Annotator "Basso, Pier Luigi"]
[EventDate "2018.01.02"]

1. d4 d5 2. Bf4 Nf6 3. Nc3 a6 4. e3 e6 5. Qf3 $5 {Baadur has a very good
feeling in this kind of positions, so it is not unusual for him to try
different odd ideas like this} c5 6. O-O-O (6. g4 $1 {was probably more in the
spirit of the position}) 6... Nc6 7. Nge2 cxd4 ({Black could have played} 7...
b5 $1 {fighting already for and advantage}) 8. Nxd4 Bb4 9. Nxc6 bxc6 10. Be5
Bd6 11. Bxd6 Qxd6 12. Qg3 Qxg3 13. hxg3 $132 {The position is balanced} Ke7 14.
f3 h6 15. Na4 a5 16. c4 Ba6 17. Nc5 Bc8 (17... Bxc4 $5 18. Bxc4 dxc4 19. Rh4 c3
$1 20. bxc3 Rab8 $11) 18. Rh4 Nd7 19. Nxd7 Bxd7 20. c5 a4 (20... Bc8 {Was
maybe better} 21. Ra4 Ba6 22. Bxa6 Rxa6 {and the only one that can play on is
Black, but of course the position is about equal}) 21. a3 Rhb8 22. Rdd4 g5 (
22... Ra5 23. Rb4 Rxb4 24. axb4 Ra8 25. e4 a3 26. bxa3 Rxa3 27. Kb2 Re3 28.
exd5 exd5 29. Rd4 $11) 23. Rxh6 Rb3 24. Rd3 Rab8 25. Rxb3 Rxb3 26. Be2 Rxe3 27.
Bd1 g4 $1 28. Kd2 d4 29. Rh1 Re5 30. Bxa4 Rxc5 {Players agreed for a draw, but
Black could have tried to play on a bit.} ({For example:} 30... Rxc5 31. f4 Ra5
32. Bd1 e5 33. Re1 f6 34. Bc2 Kd6 {with some chances}) 1/2-1/2

[Event "2nd Vergani Cup 2018"]
[Site "Villorba ITA"]
[Date "2018.01.04"]
[Round "4.2"]
[White "Korobov, Anton"]
[Black "Kveinys, Aloyzas"]
[Result "1/2-1/2"]
[WhiteTitle "GM"]
[BlackTitle "GM"]
[WhiteElo "2652"]
[BlackElo "2547"]
[WhiteFideId "14105730"]
[BlackFideId "12800040"]
[EventDate "2018.01.02"]

1. e4 e5 2. Nf3 Nc6 3. Bb5 a6 4. Ba4 Nf6 5. O-O Be7 6. Re1 b5 7. Bb3 d6 8. c3
O-O 9. h3 Na5 10. Bc2 c5 11. d4 Qc7 12. Nbd2 cxd4 13. cxd4 Nc6 14. Nb3 a5 15.
Be3 a4 16. Nbd2 Bd7 17. Rc1 Qb7 18. Qe2 Rfe8 19. Bd3 Rab8 20. dxe5 Nxe5 1/2-1/2

[Event "2nd Vergani Cup 2018"]
[Site "Villorba ITA"]
[Date "2018.01.04"]
[Round "4.3"]
[White "Stella, Andrea"]
[Black "Rapport, Richard"]
[Result "0-1"]
[WhiteTitle "GM"]
[BlackTitle "GM"]
[WhiteElo "2511"]
[BlackElo "2700"]
[WhiteFideId "827061"]
[BlackFideId "738590"]
[EventDate "2018.01.02"]

1. d4 f5 2. g3 Nf6 3. Bg2 e6 4. Nf3 Be7 5. O-O d5 6. c4 Ne4 7. Nbd2 Nc6 8. e3 h5
9. Ne5 Nxe5 10. dxe5 h4 11. Nxe4 dxe4 12. Qxd8+ Kxd8 13. f3 exf3 14. Bxf3 Bc5
15. Bd2 a5 16. Rad1 Ke7 17. Kg2 g5 18. e4 h3+ 19. Kh1 Rg8 20. exf5 exf5 21. Bd5
Be6 22. Bxb7 Bxc4 {... illegible} 0-1

[Event "2nd Vergani Cup 2018"]
[Site "Villorba ITA"]
[Date "2018.01.04"]
[Round "4.4"]
[White "Barp, Alberto"]
[Black "Iniyan, P"]
[Result "1/2-1/2"]
[WhiteTitle "FM"]
[BlackTitle "IM"]
[WhiteElo "2252"]
[BlackElo "2466"]
[WhiteFideId "872555"]
[BlackFideId "25002767"]
[EventDate "2018.01.02"]

1. d4 Nf6 2. c4 g6 3. Nc3 Bg7 4. e4 d6 5. Be2 O-O 6. Be3 e5 7. d5 a5 8. g4 Na6
9. h4 Nc5 10. f3 h5 11. g5 Nh7 12. Qd2 f6 13. O-O-O fxg5 14. hxg5 Bd7 15. Nh3
Rf7 16. Nf2 Bf8 17. Rdg1 Be7 18. f4 Rxf4 19. Bxf4 exf4 20. Bxh5 gxh5 21. g6 Ng5
22. Rxh5 Kg7 23. Qxf4 Qf8 24. Rh7+ Nxh7 25. gxh7+ Kxh7 26. Rh1+ Kg8 27. Rg1+ Kh7 1/2-1/2